Lost souls meet under a full moon /
"A suspenseful magical realism novel about a mysterious teenage "Go-Between" who arranges meetings between the living and the dead, from multimillion copy Japanese bestselling author Mizuki Tsujimura"--
| Autore principale: | |
|---|---|
| Altri autori: | |
| Natura: | Libro |
| Lingua: | English Japanese |
| Pubblicazione: |
London :
Doubleday,
2025.
|
| Soggetti: | |
| Classic Catalogue: | View this record in Classic Catalogue |
| LEADER | 01585nam a22003257a 4500 | ||
|---|---|---|---|
| 001 | 44802 | ||
| 003 | BD-DhAAL | ||
| 005 | 20250915184115.0 | ||
| 008 | 250915t2025 enk 000 0 eng d | ||
| 020 | |a 9780857529657 | ||
| 020 | |a 085752965X | ||
| 040 | |a BD-DhAAL |c BD-DhAAL | ||
| 041 | |a eng |h jpn | ||
| 082 | |a 895.636 |2 23 | ||
| 100 | 1 | |a Tsujimura, Mizuki, |e author. |9 59338 | |
| 245 | 1 | 0 | |a Lost souls meet under a full moon / |c Mizuki Tsujimura ; translated from the Japanese by Yuki Tejima. |
| 260 | |a London : |b Doubleday, |c 2025. | ||
| 300 | |a 310 pages ; |c 22 cm | ||
| 520 | |a "A suspenseful magical realism novel about a mysterious teenage "Go-Between" who arranges meetings between the living and the dead, from multimillion copy Japanese bestselling author Mizuki Tsujimura"-- | ||
| 541 | |a Donated by Farhana Zahir, Assistant Professor, BRAC Business School, BRAC University |e 44802 | ||
| 546 | |a Translated from the Japanese. | ||
| 650 | |a Death |v Fiction. | ||
| 650 | |a Future life |v Fiction. |9 56213 | ||
| 650 | |a Mediums |v Fiction. |9 59339 | ||
| 650 | |a Japanese fiction. | ||
| 700 | 1 | |a Tejima, Yuki, |e translator. |9 59340 | |
| 852 | |a Ayesha Abed Library |c General Stacks | ||
| 942 | |2 ddc |c BK | ||
| 999 | |c 47544 |d 47544 | ||
| 952 | |0 0 |1 0 |2 ddc |4 0 |6 895_636000000000000_TSU |7 0 |9 78198 |a BRACUL |b BRACUL |c NEW |d 2025-09-15 |e Donated by Farhana Zahir, Assistant Professor, BRAC Business School, BRAC University |l 5 |m 32 |o 895.636 TSU |p 3010044802 |q 2026-06-02 |r 2026-04-16 |s 2026-04-16 |t 1 |w 2025-09-15 |y BK |x Donated by Farhana Zahir, Assistant Professor, BRAC Business School, BRAC University ; £14.99 | ||